The Dragon Prince: team Zym - Statistics

General Stats
  • This quiz has been taken 58 times
  • The average score is 5 of 5
Answer Stats
Hint Answer % Correct
1 Step-prince Callum
100%
2 1's Girlfriend Rayla
100%
3 1's brother Ezran
97%
5 Baby dragon Zym
97%
4 3's toad Bait
87%
No matching quizzes found
Score Distribution
Percent of People with Each Score
Percentile by Number Answered
Your Score History
You have not taken this quiz